000 00334nam a22001337a 4500
008 180109b xxu||||| |||| 00| 0 eng d
020 _a0137534426
041 _aeng
080 _22nd
_a371
100 _a46
101 _aEDU
245 _aReading in English for students of English as a second language
_cDanielson
942 _2udc
_cBK
999 _c39892
_d39892